Same Sized States and Countries - Statistics

General Stats
  • This quiz has been taken 759 times
  • The average score is 16 of 39
Answer Stats
State Area Area Country % Correct
Montana 380,838 377,930 J{apan}
76%
Alaska 1,717,854 1,759,540 L{ibya}
75%
Colorado 269,601 270,467 N{ew} {Zealand}
65%
Michigan 250,494 245,857 G{uinea}
63%
South Carolina 82,932 83,600 U{nited} {Arab} {Emirates}
61%
California 423,970 438,317 I{raq}
60%
New Mexico 314,915 312,679 P{oland}
55%
Maryland 32,133 30,528 B{elgium}
52%
Maine 91,646 92,090 P{ortugal}
52%
Alabama, Louisiana 135,765 - 134,264 131,990 G{reece}
50%
Nevada 286,351 272,967 B{urkina} {Faso}
48%
Massachusetts 27,336 27,750 H{aiti}
48%
Ohio 116,096 117,600 E{ritrea}
46%
Missouri 180,533 181,034 U{ruguay}
45%
Indiana 94,321 93,028 H{ungary}
43%
Oregon, Wyoming 254,805 - 253,336 256,369 E{cuador}
42%
Kentucky 104,659 103,000 I{celand}
42%
Mississippi 125,434 120,538 N{orth} {Korea}
42%
Georgia, Illinois 153,909 - 149,998 147,570 B{angladesh}
40%
Virginia 110,785 110,879 B{ulgaria}
38%
Texas 695,621 676,578 B{urma}
38%
Minnesota, Utah, Idaho, Kansas 225,171 - 213,096 214,969 G{uyana}
36%
West Virginia 62,755 64,559 L{atvia}
36%
Iowa 145,743 147,181 N{epal}
36%
Delaware 6,447 5,765 B{runei}
35%
Nebraska,  South Dakota 200,345 - 199,731 199,951 K{yrgyzstan}
35%
Arizona 295,254 300,000 P{hilippines}
35%
Rhode Island 4,002 4,033 C{ape} {Verde}
33%
New Jersey 22,588 22,966 B{elize}
32%
Hawaii 28,311 28,051 E{quatorial} {Guinea}
32%
Tennessee 109,151 108,889 G{uatemala}
30%
Washington, North Dakota 184,665 - 183,112 185,180 S{yria}
28%
New Hampshire 24,216 23,200 D{jibouti}
27%
Oklahoma 181,035 181,035 C{ambodia}
25%
Florida, Wisconsin 170,304 - 169,639 163,820 S{uriname}
24%
New York, North Carolina, Arkansas 141,299 - 137,732 143,100 T{ajikistan}
24%
Connecticut 14,357 13,943 B{ahamas}
22%
Vermont 24,901 25,713 M{acedonia}
19%
Pennsylvania 119,283 118,484 M{alawi}
19%
No matching quizzes found
Score Distribution
Percent of People with Each Score
Percentile by Number Answered
Your Score History
You have not taken this quiz